| 000 | 00862nam a22002171a 4500 | ||
|---|---|---|---|
| 020 | _c0.00 | ||
| 040 | _aNEGST Library - Kenya | ||
| 050 | _aBV 652.1.M35 2007 | ||
| 082 | _aBV 652.1.M35 2007 | ||
| 100 | _aMtalimanja, Sellah M. | ||
| 245 |
_aThe use of core values in leadership : _ba case srudy of Evangelical Association of Malawi (EAM) _cby Sellah M. Mtalimanja _h[Text] |
||
| 260 |
_aNairobi, Kenya.] _b[NEGST _c2007 |
||
| 300 | _ax, 69 leaves.; | ||
| 440 | _aThesis (M.A.) Christian Education (Nairobi Evangelical Graduate School of Theology(Kenya) | ||
| 500 | _aIncludes bibliographical references Thesis (M.A. Christian Eduation) - NEGST (Africana) | ||
| 600 | _aChristian leadership. | ||
| 600 | _aValues. | ||
| 852 | _910.00 | ||
| 852 | _910.00 | ||
| 942 | 0 | 0 | _02 |
| 999 |
_c326 _d326 |
||